載入...

Modern production/operations management

書目詳細資料
主要作者: Buffa, Elwood S; Sarin, Rakesh K
格式: Printed Book
出版: John Wiley & Sons, Singapore 1987
版:8 edition
主題:
LEADER 00616nam a2200193 4500
020 |c $7.50 
082 |a S 658.5 BUF 
100 |a Buffa, Elwood S; Sarin, Rakesh K 
245 |a Modern production/operations management  |c Buffa, Elwood S; Sarin, Rakesh K 
250 |a 8 edition 
260 |a John Wiley & Sons, Singapore  |c 1987 
300 |a 834 p 
490
500
590
650 |a Production and operations management--Product management 
942 |c BK 
999 |c 138240  |d 138240 
952 |0 0  |1 0  |4 0  |6 S_658_500000000000000_BUF  |7 0  |9 151700  |a IMK  |b IMK  |g 0.00  |l 0  |o S 658.5 BUF  |p IMK05246  |r 2019-10-25  |w 2019-10-25  |y BK